| Поле | Инд. | ПП | Название | Значение |
|---|---|---|---|---|
| Тип записи | a | |||
| Библиографический уровень | m | |||
| 001 | Контрольный номер | RU/IS/BASE/580908198 | ||
| 005 | Дата корректировки | 20240209100945.6 | ||
| 020 | a | ISBN | 978-985-543-388-1(ч.2) | |
| 040 | b | Код языка каталог. | rus | |
| 041 | 0_ | a | Код языка текста | rus |
| 080 | a | Индекс УДК | 004.42(076.5) | |
| 084 | a | Индекс другой классификации/Индекс ББК | 32.973.3я73 | |
| 090 | a | Полочн. индекс | 681.3 | |
| x | Авторский знак | О-75 | ||
| 097 | b | Оператор | 02 | |
| 245 | 10 | a | Заглавие | Основы алгоритмизации и программирования (язык C/C++). Лабораторный практикум |
| h | Физич. носитель | + электр. вариант | ||
| b | Продолж. заглавия | учебно-методическое пособие : в 2 ч. | ||
| n | Номер части/ раздела | Ч. 2 | ||
| 260 | a | Место издания | Минск | |
| b | Издательство | БГУИР | ||
| c | Дата издания | 2018 | ||
| 300 | a | Объем | 112 с. | |
| b | Иллюстрации/ тип воспроизводства | ил. | ||
| 440 | _0 | a | Серия | Кафедра вычислительных методов и программирования |
| 510 | 0_ | a | Примечание о ссылках | Книги и методические пособия |
| 650 | 04 | a | Основная рубрика | 50.05 Теоретические основы программирования |
| x | Основная подрубрика | 50.05.09 Языки программирования | ||
| 653 | 0_ | a | Ключевые слова | алгоритмизация; программирование; C++; C; языки программирования |
| 700 | 12 | a | Другие авторы | Беспалов С. А. |
| 700 | 12 | a | Другие авторы | Гуревич А. В. |
| 700 | 12 | a | Другие авторы | Кривоносова Т. М. |
| 700 | 12 | a | Другие авторы | Рак Т. А. |
| 700 | 12 | a | Другие авторы | Смирнов В. Л. |
| 700 | 12 | a | Другие авторы | Шатилова О. О. |
| 700 | 12 | a | Другие авторы | Шестакович В. П. |
| 856 | 40 | u | URL | https://libeldoc.bsuir.by/bitstream/123456789/31588/1/Bespalov_ch2.pdf |
| 901 | t | Тип документа | m |